| 000 | 00635nam a2200253Ia 4500 | ||
|---|---|---|---|
| 003 | OSt | ||
| 005 | 20220918200327.0 | ||
| 006 | a|||||r|||| 00| 0 | ||
| 007 | ta | ||
| 008 | 220917b |||||||| |||| 00| 0 eng d | ||
| 024 | _a88,306 | ||
| 037 | _cTextual | ||
| 040 |
_aARTS _cARTS _beng |
||
| 041 |
_2eng _aeng |
||
| 082 | _aU12, J0-;2 | ||
| 100 |
_aD'Agapeyeff Alexander _993563 |
||
| 245 | 0 | _aMaps | |
| 260 | _c1950 | ||
| 490 | _aCompass book; 3 | ||
| 650 | _aGEOGRAPHY | ||
| 700 |
_a Hadfield E C R _993564 |
||
| 942 |
_hU12, J0-;2 _cTEXL _2CC |
||
| 999 |
_c211995 _d211995 |
||